000 00736nam a2200253Ia 4500
003 OSt
005 20220925230940.0
006 a|||||r|||| 00| 0
007 ta
008 220923b |||||||| |||| 00| 0 eng d
020 _a9789350280418
_c403.75
037 _b2753, 14/03/2014, Paramount International
_cGeneral Book
040 _aRTL
_cRTL
_beng
041 _2eng
_aeng
082 _aX9:(Z), Q3
100 _aAVTAR SINGH
_925685
245 0 _aBusiness law
250 _a9th
260 _aLucknow
_bEastern Book Company
_c2011
300 _alxxxvii, 951p.
_ccm.
650 _aCommerce
942 _hX9:(Z), Q3
_cGB
_2CC
999 _c586939
_d586939